000
00314nam a22001337a 4500
008
180906b xxu||||| |||| 00| 0 eng d
020
_a
9780763725952
041
_a
eng
080
_2
5 Ed
_a
616
100
_a
3
101
_a
SHM
245
_a
The economics Health And Medical Cere
_c
Jacobs,P
942
_2
udc
_c
BK
999
_c
47589
_d
47589